| 000 | 00420 a2200097 4500 | ||
|---|---|---|---|
| 082 | _a620.136 ACI | ||
| 245 |
_aSeventh CANMET/ACI International Conference on fly ash, silica fume, slag and natural pozzolans in concrete [vol-1]/ _ceditor, V. M. Malhotra. |
||
| 260 |
_aFarmington Hills, Mich. : _bAmerican Concrete Institute, _cc2001. |
||
| 300 |
_a1 v. (viii, ix, 957 p.) : _bill. ; _c23 cm. |
||
| 650 |
_aConcrete _cSP 199 |
||
| 650 |
_aConcrete _xAdditives |
||
| 999 |
_c852 _d852 |
||